000 00411nam a2200157Ia 4500
001 15617
003 IN-NITTTR
005 20251114233147.0
008 251113s9999||||xx |||||||||||||| ||eng||
040 _beng
040 _cIN-NITTTR
041 _aeng
082 _a621.3192 I2N
245 4 _aThe institution of Electronics and Telecmmunication engineers :
_b study lessons circuits-theory /
942 _2ddc
_cBK
999 _c18251
_d18251